000 02099nam0a2200385 i 4500
001 RU\NLR\bibl\2058949
005 20260607042725.0
021 _aRU
_b2013-51813
_93596
035 _a(nilc)RuMoRGB-006601691
035 _a(NLR Aleph) 002070592
090 _a4751311
_c4751311
100 _a20130702d2013 u y0rusy50 ca
101 0 _arus
102 _aRU
105 _aa |||||||||
200 1 _aГеоархеолог Зайков Виктор Владимирович
_eбиблиография ученого
_fМ-во образования и науки Рос. Федерации, Южно-Урал. гос. ун-т, Фил. в г. Миассе, Каф. "Геология"
_g[авт.-сост.: А. М. Юминов и др.]
_gпод ред. А. Д. Таирова
210 _aЧелябинск
_cИздательский центр ЮУрГУ
_d2013
215 _a173 с.
_cил., карт.
_d21
320 _aБиблиогр. в тексте
600 1 _aЗайков
_bВ.В.
_f1938
_gВиктор Владимирович
_jБиблиография
_92156041
_3RU\NLR\auth\661602646
606 _aАрхеологические памятники
_jБиблиография
_yУрал Южный
_91020279
_3RU\NLR\auth\6672059
610 0 _aдревние рудники
686 _aД3д(2)Зайков
686 _aТ4(2Р36)я1
702 1 _aТаиров
_bА. Д.
_f1955-
_gАлександр Дмитриевич
_4340
702 1 _aЮминов
_bА. М.
_gАнатолий Михайлович
_4340
702 1 _4570
_8rus
_7ca
_aЗайков
_bВ. В.
_f1938-
_gВиктор Владимирович
_3RU\NLR\auth\7721074
_94140
712 0 2 _4570
_aЮжно-Уральский государственный университет
_bФилиал
_bКафедра "Геология"
_cЧелябинск
_cМиасс
_9374249
_3RU\NLR\AUTH\8810244208
801 0 _aRU
_bRuMoRKP
_c20130702
_gRCR
801 2 _aRU
_bРГБ
_c20130718
_grcr
801 1 _aRU
_bRuMoRKP
_c20130702
_2rusmarc
801 2 _aRU
_bNLR
_c20130801
_grcr
942 _cBOOK
980 _aNBR